000 00450nam a2200169Ia 4500
003 GCL
008 140319s9999 xx 000 0 eng d
040 _aGCL /
_cGCL
082 0 4 _a745.619952
_bK B
100 1 _aKUISEKO, RYOKSHU
245 1 0 _aBRUSH WRITING: CALLIGRAPHY TECHNIQUES FOR BEGINNERS /
_cKUISEKO, RYOKSHU
260 _a[S.N] :
_bKADANSHA INTERNATIONAL
300 _a103 P
650 0 4 _aARTS
650 0 4 _aCALLIGRAPHY
942 _2ddc
_cBK
999 _c19169
_d19169